01054 a2200205 45000010006000000050017000060080041000230030015000640400040000790800034001192450062001530200022002152500012002372640055002493000019003045050397003230410008007201000025007288560095007534459820260407155722.0260407a2017 arg spa dAR-UNSa-BCEJYS aAR-UNSa-BCEJYSbspacAR-UNSa-BCEJYS a94(82)xHistoria de Argentina10aBreve historia contemporánea de la Argentinap1916-2016 a978-987-719-129-5 a4a. ed. 1aBuenos Aires :bFondo de Cultura Económicac2017 a439 p.c23 cm. a1. 1916 - 2. Los gobiernos radicales, 1916-1930 - 3. La restauración conservadora, 1930-1943 - 4. El gobierno de Perón, 1943-1955 - 5. El empate, 1955-1966 - 6. Dependencia o liberación, 1966-1976 - 7. El Proceso, 1976-1983 - 8. El impulso y su freno, 1983-1989 - 9. La gran transformación, 1989-1999 - 10. Crisis y reconstrucción, 1999-2005 - 11. Una oportunidad perdida, 2005-2015 aspa1 aRomero, Luis Alberto41uhttps://biblioeco.unsa.edu.ar/pmb/images/libros/L126925.jpgyImagen de portadaqimage/jpeg